| 000 | 00411nam a22001697a 4500 | ||
|---|---|---|---|
| 003 | OSt | ||
| 005 | 20211124093838.0 | ||
| 008 | 211124b |||||||| |||| 00| 0 eng d | ||
| 020 | _a0787901199 | ||
| 040 | _cHU | ||
| 082 | _a371.20097/SER | ||
| 100 |
_aTHOMAS J. SERGIOVANNI _920271 |
||
| 245 | _aLEADERSHIP FOR THE SCHOOILOUSE | ||
| 260 |
_aFRANCISCO _bINC _c1996 |
||
| 300 | _a203P | ||
| 942 |
_2ddc _cBOOKS _n0 |
||
| 999 |
_c19890 _d19890 |
||